The MCU Actors Who Play The Title Characters In Their Movies - Statistics

General Stats
  • This quiz has been taken 146 times
  • The average score is 9 of 12
Answer Stats
Answer % Correct
Robert Downey Jr.
99%
Chris Evans
97%
Chris Hemsworth
95%
Paul Rudd
83%
Benedict Cumberbatch
79%
Tom Holland
77%
Brie Larson
72%
Chadwick Boseman
72%
Edward Norton/Lou Ferrigno
65%
Sebastian Stan
49%
Evangeline Lilly
44%
James Spader
31%
No matching quizzes found
Score Distribution
Percent of People with Each Score
Percentile by Number Answered
Your Score History
You have not taken this quiz